Nyolc százalékot meghaladó kamat telekkönyvi bekebelezése

Elmentve itt :
Bibliográfiai részletek
Szerző: Ribáry Géza
Dokumentumtípus: Cikk
Megjelent: 1925
Sorozat:Polgári jog : a hazai és külföldi magánjog és hiteljog szemléje 1
Kulcsszavak:Hiteljog kamat
Online Access:http://misc.bibl.u-szeged.hu/3899
LEADER 00626nab a2200169 i 4500
001 misc3899
005 20191106143158.0
008 170607s1925 hu o 0|| hun d
040 |a SZTE Miscellanea Repozitórium  |b hun 
041 |a hun 
100 1 |a Ribáry Géza 
245 1 0 |a Nyolc százalékot meghaladó kamat telekkönyvi bekebelezése  |h [elektronikus dokumentum] /  |c  Ribáry Géza 
260 |c 1925 
300 |a 226-228a 
490 0 |a Polgári jog : a hazai és külföldi magánjog és hiteljog szemléje  |v 1 
695 |a Hiteljog kamat 
856 4 0 |u http://misc.bibl.u-szeged.hu/3899/1/polgari_jog_1925_226-228a.pdf  |z Dokumentum-elérés